<?xml version="1.0" encoding="UTF-8"?>
<collection xmlns="http://www.loc.gov/MARC21/slim">
 <record>
  <leader>01812nam a2200217Ia 4500</leader>
  <controlfield tag="001">CTU_94304</controlfield>
  <controlfield tag="008">210402s9999    xx            000 0 und d</controlfield>
  <datafield tag="020" ind1=" " ind2=" ">
   <subfield code="c">1141000</subfield>
  </datafield>
  <datafield tag="082" ind1=" " ind2=" ">
   <subfield code="a">658.4</subfield>
  </datafield>
  <datafield tag="082" ind1=" " ind2=" ">
   <subfield code="b">J65</subfield>
  </datafield>
  <datafield tag="100" ind1=" " ind2=" ">
   <subfield code="a">McGee, John</subfield>
  </datafield>
  <datafield tag="245" ind1=" " ind2="0">
   <subfield code="a">Strategy :</subfield>
  </datafield>
  <datafield tag="245" ind1=" " ind2="0">
   <subfield code="b">Analysis and practice</subfield>
  </datafield>
  <datafield tag="245" ind1=" " ind2="0">
   <subfield code="c">John McGee, Howard Thomas, David Wilson</subfield>
  </datafield>
  <datafield tag="260" ind1=" " ind2=" ">
   <subfield code="a">New York</subfield>
  </datafield>
  <datafield tag="260" ind1=" " ind2=" ">
   <subfield code="b">McGraw-Hill</subfield>
  </datafield>
  <datafield tag="260" ind1=" " ind2=" ">
   <subfield code="c">2005</subfield>
  </datafield>
  <datafield tag="520" ind1=" " ind2=" ">
   <subfield code="a">A hotly-anticipated new textbook brings strategy up-to-date with a fresh and vibrant approach. The author team of Professors John McGee, Howard Thomas and David Wilson combine their extensive experience of teaching and consulting in strategy with cutting edge research to form an exciting new textbook. Marrying comprehensive coverage of strategy with an incisive and analytical approach, the new text is ideal for undergraduate and MBA students taking a strategic management, corporate strategy or business policy module. The book sets out to provide students with an understanding of the core concepts and economics of strategy, laying the foundations for analysing strategy on a variety of levels. With a strong emphasis on practice, the book explores contemporary topics, including risk management, strategic change, corporate governance, the learning organization, and the implementation of strategy for performance and process improvement. The theory is complemented by thorough pedagogy throughout and a range of excellent case examples and longer cases (Case Study Section is included in Text and Cases Version 0077107063) furnish students with the practical applications needed to fully appreciate the consequences of strategic decisions</subfield>
  </datafield>
  <datafield tag="650" ind1=" " ind2=" ">
   <subfield code="a">Strategic planning,Decision making</subfield>
  </datafield>
  <datafield tag="904" ind1=" " ind2=" ">
   <subfield code="i">Hiếu</subfield>
  </datafield>
  <datafield tag="980" ind1=" " ind2=" ">
   <subfield code="a">Trung tâm Học liệu Trường Đại học Cần Thơ</subfield>
  </datafield>
 </record>
</collection>
